000 01424nam a2200361 c 4500
003 BLK
005 20240322105132.0
008 180408b bul|||||r ||||||| ||bul||
010 _aKNG00099076000
040 _aBLK
041 _aBUL
_cBUL
080 _aРелигиозна живопис
_b75.046
_x(497.2)
_z75.046(497.2)
100 1 _aМанова, Екатерина
_eпърви автор
_9305841
139 _aМанова, Екатерина
_bМ 27
245 1 0 _aБългарска стенопис XVI-XVII век
_cЕкатерина Манова.
257 _aBGR
260 София
_bБАН
_c1985
300 _a86 с., 32 л.
_bрепрод.
_c24 см
380 _a7
500 _aИзд. на БАН. Археол. инст. и музей. Библиогр. под линия ; Рез. на рус., англ. ез.
650 4 _aЖивопис - България
_9242598
650 4 _aСтенописи - България
_9305806
650 4 _aИкони, български - Възраждане
_9242789
653 _aрелигиозна живопис
653 _aстенописи
653 _aикони
852 _aЦб 135060
856 4 _qpdf
_u
856 4 _qpdf
_u
942 _cKNG
_n0
_01
944 _aCR
_c21.01.2011
_lРенета Константинова
_k30546
944 _aED
_c26.08.2015
_lдобави в АБ / 20.01.2011
_k
999 _c94258
_d94258